00416nam a2200145 a 450000100100000000500170001000800410002702000180006804000250008610000170011124500430012826000370017130000200020850000420022800004378320201002044951.0140429s2014 dr 000 0 spa d a9789945080322 aDO-SdBNPbspacBNPHU1 aT. M., Edwar10aEdartena :bCancionero. /cEdwar T. M. aSanto Domingo, :b[s.d.],c2014. a49 p. ;c22 cm. aIncluye datos biografícos del autor